Novyj slovatskij cifrovoj uchebnik

Príspevok predstavuje tretiu lekciu novej digitálnej učebnice ruštiny vydanej na Slovensku s názvom «Встречи с Россией. Сегодня». Tému „Život ako rozhovor: o jedle, hostine, nastavení nábytku, kráse okolia a domácom prostredí a komunikácii“ autori spracovali so zámerom „nie šedej=nevzrušujúcej každo...

Ausführliche Beschreibung

Gespeichert in:
Bibliographische Detailangaben
1. Verfasser: Kollárová, Eva
Weitere Verfasser: Žiznevskaja, Oľga, Bujnak, Milan, Babčáková, Monika, Borisova, Ekaterina, 1971-
Format: Buchkapitel
Sprache:Russisch
Schlagworte:
Tags: Tag hinzufügen
Keine Tags, Fügen Sie das erste Tag hinzu!

MARC

LEADER 00000naa$a2200000$$$4500
001 0307522
005 20250307083209.1
041 0 |a rus 
044 |a SK 
245 1 0 |a Novyj slovatskij cifrovoj uchebnik  |c Eva Kollárová, Oľga Žiznevskaja, Milan Bujnak, Monika Babčáková, Ekaterina Borisova 
520 |a Príspevok predstavuje tretiu lekciu novej digitálnej učebnice ruštiny vydanej na Slovensku s názvom «Встречи с Россией. Сегодня». Tému „Život ako rozhovor: o jedle, hostine, nastavení nábytku, kráse okolia a domácom prostredí a komunikácii“ autori spracovali so zámerom „nie šedej=nevzrušujúcej každodennosti, ale krásnej každodennosti“, je zahrnutá v koncepte „jazyk kultúrou, kultúra jazykom“. 
610 2 0 |a ruština 
610 2 0 |a jazyky cudzie 
610 2 0 |a kultúra 
610 2 0 |a vyučovanie 
100 1 |a Kollárová, Eva 
700 1 |a Žiznevskaja, Oľga 
700 1 |a Bujnak, Milan 
700 1 |a Babčáková, Monika 
700 1 |a Borisova, Ekaterina, 1971-